000 00680nam a2200229Ia 4500
003 OSt
005 20220923225543.0
006 a|||||r|||| 00| 0
007 ta
008 220922b |||||||| |||| 00| 0 hin d
024 _a271,075
037 _cTextual
040 _aARTS
_cARTS
_bhin
041 _2hin
_ahin
082 _aO152,1H77w, 153L7
100 _aਖੰਨਾ, ਊFਾ
_9168717
245 0 _aਕਥਾ ਗੁਸਾਈ੍ਵ ਰਵਿਦਾਸ ਜੀ ਕੀ ਸਮਾਵਣੇ ਕੀ
260 _c1977
650 _aਹਿੰਦੀ ਸਾਹਿਤ
942 _hO152,1H77w, 153L7
_cTEXL
_2CC
999 _c379067
_d379067